000 00330nam a2200121Ia 4500
008 231228s1996 xx 000 0 und d
041 _aeng
082 _bDON
100 _aDONALDSON (Michael) and DONALDSON (mimi)
245 _aNegotiting for Dummies
260 _aNew Delhi
_bMoscow Progress Pub. B
_c1996
300 _axxiv, 350
999 _c1082353
_d1082353